ՀՀ Գիտությունների ազգային ակադեմիայի հիմնարար գիտական գրադարան  =   Fundamental Scientific Library of NAS RA

Непараметрические алгоритмы адаптации / (Record no. 43736)

MARC details
000 -LEADER
fixed length control field 00970nam a2200229 a 4500
001 - CONTROL NUMBER
control field 000130942
003 - CONTROL NUMBER IDENTIFIER
control field AM-YEHGA
005 - DATE AND TIME OF LATEST TRANSACTION
control field 20250617122733.0
008 - FIXED-LENGTH DATA ELEMENTS--GENERAL INFORMATION
fixed length control field 991020s1974 kg ||||gr|||||||||0|rus|d
040 ## - CATALOGING SOURCE
Original cataloging agency AM-YeHGA
041 0# - LANGUAGE CODE
Language code of text/sound track or separate title rus
090 ## - LOCALLY ASSIGNED LC-TYPE CALL NUMBER (OCLC); LOCAL CALL NUMBER (RLIN)
-- 44451
100 1# - MAIN ENTRY--PERSONAL NAME
Personal name Живоглядов, Валерий Петрович
245 10 - TITLE STATEMENT
Title Непараметрические алгоритмы адаптации /
Statement of responsibility, etc. В.П. Живоглядов, А.В. Медведев ; Отв. ред. В.Х. Каипов ; АН КиргССР, Ин-т автоматики
260 ## - PUBLICATION, DISTRIBUTION, ETC.
Place of publication, distribution, etc. Фрунзе :
Name of publisher, distributor, etc. Илим,
Date of publication, distribution, etc. 1974.
300 ## - PHYSICAL DESCRIPTION
Extent 134 с.
650 14 - SUBJECT ADDED ENTRY--TOPICAL TERM
Topical term or geographic name entry element Автоматические системы управления, приспосабливающиеся
700 1# - ADDED ENTRY--PERSONAL NAME
Personal name Медведев, Александр Васильевич
700 1# - ADDED ENTRY--PERSONAL NAME
Personal name Каипов, В.Х.
Relator term ред.
Relationship edt
710 2# - ADDED ENTRY--CORPORATE NAME
Corporate name or jurisdiction name as entry element Институт автоматики АН КиргССР
942 ## - ADDED ENTRY ELEMENTS (KOHA)
Source of classification or shelving scheme Universal Decimal Classification
Koha item type Գրքեր / Books
Holdings
Withdrawn status Lost status Source of classification or shelving scheme Damaged status Not for loan Collection Home library Current library Date acquired Total checkouts Full call number Barcode Date last seen Price effective from Koha item type Public note
    Universal Decimal Classification     General Fundamental Scientific Library Fundamental Scientific Library 21/12/2016   PII/334299 FL0267449 21/12/2016 21/12/2016 Գրքեր / Books 30 Days Loan
    Universal Decimal Classification     General Fundamental Scientific Library Fundamental Scientific Library 21/12/2016   PII/334894 FL0267799 21/12/2016 21/12/2016 Գրքեր / Books 30 Days Loan


ՀՀ ԳԱԱ հիմնարար գիտական գրադարան
ՀՀ,Երևան 0019
Մարշալ Բաղրամյան 24/6
հեռախոս:(374-10) 52-47-50
Հետադարձ կապ

All site content, except where otherwise noted, is licensed under a
Creative Commons License